[Event "Yuzhny op"]
[Site "Yuzhny"]
[Date "2010.09.09"]
[Round "5"]
[White "Baranov, Yury"]
[Black "Myronenko, Natalya"]
[Result "1/2-1/2"]
[WhiteElo "2142"]
[BlackElo "1945"]
[PlyCount "107"]
[EventDate "2010.09.07"]
[EventType "swiss"]
[EventRounds "9"]
[EventCountry "UKR"]
[SourceTitle "CBM 138 Extra"]
[Source "ChessBase"]
[SourceDate "2010.10.29"]
[SourceVersion "1"]
[SourceVersionDate "2010.10.29"]
[SourceQuality "1"]

1. d4 d5 2. c4 e6 3. Nf3 Be7 4. Nc3 Nf6 5. Bf4 0-0 6. e3 c6 7. h3 Nbd7 8. a3 dxc4 9. Bxc4 Nb6 10. Bd3 Nbd5 11. Nxd5 exd5 12. Qc2 h6 13. 0-0 Re8 14. b4 a6 15. Rab1 Bd6 16. Bxd6 Qxd6 17. a4 Ne4 18. b5 axb5 19. axb5 Bd7 20. Ne5 f6 21. bxc6 bxc6 22. Nc4 dxc4 23. Bxe4 Be6 24. Rb6 Bd5 25. Bxd5+ Qxd5 26. Rb4 c5 27. Rxc4 cxd4 28. Rxd4 Qe5 29. Rfd1 Re7 30. g3 Qe6 31. Kg2 Ra2 32. Qd3 Qxe3 33. Rd8+ Kf7 34. Qc4+ Qe6 35. Qc5 Re2 36. Qh5+ g6 37. Qf3 Qe4 38. R1d7 Qxf3+ 39. Kxf3 Rxd7 40. Rxd7+ Re7 41. Rd5 Ra7 42. h4 h5 43. Rd4 Ra5 44. Rd6 Ra4 45. Rb6 g5 46. hxg5 fxg5 47. Rh6 h4 48. gxh4 gxh4 49. Kg2 Kg7 50. Rd6 Rg4+ 51. Kh3 Rf4 52. Kg2 Rg4+ 53. Kh2 Rf4 54. Kh3 1/2-1/2

[Event "Yuzhny op"]
[Site "Yuzhny"]
[Date "2010.09.08"]
[Round "2"]
[White "Chernetskiy, Mykola"]
[Black "Baranov, Yury"]
[Result "1/2-1/2"]
[WhiteElo "2402"]
[BlackElo "2142"]
[PlyCount "104"]
[EventDate "2010.09.07"]
[EventType "swiss"]
[EventRounds "9"]
[EventCountry "UKR"]
[SourceTitle "CBM 138 Extra"]
[Source "ChessBase"]
[SourceDate "2010.10.29"]
[SourceVersion "1"]
[SourceVersionDate "2010.10.29"]
[SourceQuality "1"]

1. Nf3 Nc6 2. g3 e5 3. d3 g6 4. Bg2 Bg7 5. 0-0 d6 6. c4 f5 7. Nc3 Nf6 8. a3 a5 9. Rb1 0-0 10. Bg5 h6 11. Bd2 Be6 12. b4 axb4 13. axb4 Qd7 14. b5 Ne7 15. c5 g5 16. b6 c6 17. cxd6 Qxd6 18. Qc2 Nd7 19. Rfc1 Rfe8 20. e4 f4 21. gxf4 exf4 22. d4 Bxd4 23. Nxd4 Qxd4 24. Rd1 Qg7 25. Na4 Qf7 26. Bc3 Ng6 27. Ba1 f3 28. Bf1 Nde5 29. Nc5 Bc8 30. Rd6 Kh7 31. Rbd1 Ra2 32. Qc3 Rxa1 33. Qxa1 Qf4 34. Nd7 Qg4+ 35. Kh1 Bxd7 36. h3 Qxe4 37. Rxd7+ Nxd7 38. Rxd7+ Re7 39. Qd1 Kg7 40. Qa1+ Kh7 41. Rc7 Qe6 42. Qd1 Nf4 43. Qxf3 Qe1 44. Kg1 Qe5 45. Qe3 Qxe3 46. fxe3 Nd5 47. Rxe7+ Nxe7 48. Ba6 Nd5 49. Bxb7 Nxb6 50. Bxc6 Kg6 51. Kf2 Nc4 52. Bd5 Ne5 1/2-1/2